Báo in Việt Nam trong thời kỳ đổi mới tiếp cận dưới góc độ báo chí học và khoa học chính trị
Báo in Việt Nam dưới sự lãnh đạo của Đảng, quản lý của Nhà nước trong thời kỳ đổi mới; Nghiên cứu hoạt động của báo in Việt Nam thời kỳ đổi mới dưới góc độ báo chí học và khoa học chính trị; Quá trình vận động của báo in Việt Nam trong thời kỳ đổi mới....
Zapisane w:
| 1. autor: | |
|---|---|
| Format: | Książka |
| Język: | Vietnamese |
| Wydane: |
H.
Đại học quốc gia Hà Nội
2013
|
| Hasła przedmiotowe: | |
| Etykiety: |
Dodaj etykietę
Nie ma etykietki, Dołącz pierwszą etykiete!
|
| Thư viện lưu trữ: | Mạng thư viện Đại học Đà Nẵng |
|---|
| LEADER | 01726nam a2200349 4500 | ||
|---|---|---|---|
| 001 | 000025420 | ||
| 003 | 21913 | ||
| 005 | 20171012161017.0 | ||
| 008 | 171012s2013 viesd | ||
| 020 | |a 978-604-934-236-3 |c 76000 | ||
| 041 | 0 | |a vie | |
| 082 | 1 | 4 | |a 079.597 |b DƯ-S |
| 100 | 1 | |a Dương Xuân Sơn |c PGS.TS. |e chủ biên | |
| 245 | 1 | 0 | |a Báo in Việt Nam trong thời kỳ đổi mới |b tiếp cận dưới góc độ báo chí học và khoa học chính trị |c Dương Xuân Sơn ch.b. |
| 246 | 3 | 1 | |a Printing newspapers during the renovation period : approached from perspectives of journalism and political science. |
| 260 | |a H. |b Đại học quốc gia Hà Nội |c 2013 | ||
| 300 | |a 280 tr. |c 24 cm. | ||
| 500 | |a ĐTTS ghi: Đại học Quốc gia Hà Nội | ||
| 520 | 3 | |a Báo in Việt Nam dưới sự lãnh đạo của Đảng, quản lý của Nhà nước trong thời kỳ đổi mới; Nghiên cứu hoạt động của báo in Việt Nam thời kỳ đổi mới dưới góc độ báo chí học và khoa học chính trị; Quá trình vận động của báo in Việt Nam trong thời kỳ đổi mới. | |
| 650 | 0 | 4 | |a Báo chí |y Thời kỳ đổi mới |z Việt Nam |
| 650 | 0 | 4 | |a Newspapers |z Vietnam |
| 653 | |a Báo chí | ||
| OWN | |a LSP | ||
| AVA | |a UDN50 |b LSP |d 079.597 DƯ-S |e available |t Error 5001 Not defined in file expand_doc_bib_avail. |f 4 |g 1 |h N |i 0 |k 1 | ||
| 999 | |a From the UDN01 | ||
| AVA | |a UDN50 |b LSP |d 079.597 DƯ-S |e available |t Error 5001 Not defined in file expand_doc_bib_avail. |f 4 |g 1 |h N |i 0 |k 1 | ||
| TYP | |a Monograph | ||
| TYP | |a Printed language | ||
| 980 | |a Mạng thư viện Đại học Đà Nẵng | ||


